| 000 | 00851nam a2200205 4500 | ||
|---|---|---|---|
| 008 | 080401s1993 kyu b 001 0 eng | ||
| 020 | _a0664254373 :Php10 (AGST) | ||
| 090 |
_aBS680.P66 _bN33r _bc.2 |
||
| 100 | 1 |
_aNelson, Richard D. _q(Richard Donald), _d1945- |
|
| 245 | 1 | 0 |
_aRaising up a faithful priest : _bcommunity and priesthood in biblical theology / _cRichard D. Nelson. |
| 260 |
_aLouisville, Ky. : _bWestminster/John Knox Press, _cc1993. |
||
| 300 |
_axiii, 192 p. ; _c21 cm. |
||
| 504 | _aIncludes bibliographical references (p. 175-179) and index. | ||
| 600 | 0 | 4 |
_aJesus Christ _xPriesthood _xBiblical teaching. |
| 630 | 0 | 0 |
_aBible _xTheology. |
| 650 | 4 |
_aPriests, Jewish _xBiblical teaching. |
|
| 650 | 4 |
_aPriesthood _xBiblical teaching. |
|
| 951 |
_p31764 _x00036330 _oBS680.P66/N33r/c.2 _j080401164157640 _d2000-12-21 _cGC |
||
| 999 |
_c31036 _d31036 |
||